000 01203nam a2200265 i 4500
001 63555
003 ES-MaACL
005 20250912063040.0
007 t|
008 031211s1905 sp ||||1| spa d
100 1 _aFerri, Enrico,
_d1856-1929
_950564
245 1 0 _aSocialismo y ciencia positiva :
_b(Darwin-Spencer-Marx) /
_cEnrique Ferri ; traducción directa del italiano por José Verdes Montenegro y Montoro.
250 _a2ª ed. escrupulosamente rev., única completa en lengua española.
260 _aAlicante :
_b[s.n.],
_c1905 (
_fImp. de Such, Serra y Compañía)
300 _a186 p. ;
_c19 cm.
504 _aReferencias bibliográficas.
505 8 _aContiene: Primera parte: El darvinismo y el socialismo ; Segunda parte: La evolución y el socialismo ; Tercera parte: La sociología y el socialismo
530 _aDisponible en formato digital.
650 4 _aMarxismo.
_914803
700 1 _aVerdes Montenegro y Montoro, José,
_d1865-1939
_9114027
852 4 _aES-MaACL
_jF-10322
_cSPP2
_zRevisado enlace: 21 de julio de 2025
856 4 _uhttp://bdh-rd.bne.es/viewer.vm?id=0000252891&page=1
_yBiblioteca Digital Hispánica
942 _2udc
999 _c63555
_d63555